Empire of Improvisation : Taxation and Governance in Colonial Indonesia /
Throughout colonial Indonesia, a common method to determine a boy's taxable age was to loop a rope around the chest. If the boy's head fitted through, his chest was still too small and he was too young; if not, he owed the government tax. Analysing unique archival sources from across Indon...
Main Author:
Format: eBook
Language:
English
Indonesian
Dutch
Published:
Leiden ; Boston :
Brill,
2026.
Series:
Asian Studies E-Books Online, Collection 2026.
Verhandelingen van het Koninklijk Instituut voor Taal-, Land- en Volkenkunde ;
318.
Subjects:
Online Access: Login to view Source
Tags: Add Tag
Call Number: D410
| LEADER | 02846nam a22004938i 4500 | ||
|---|---|---|---|
| 001 | BRILL9789004745766 | ||
| 003 | nllekb | ||
| 005 | 20260324115023.0 | ||
| 006 | m d | ||
| 007 | cr un uuuua | ||
| 008 | 251016s2026 gw sb 001 0 eng d | ||
| 020 | |a 9789004745766 |q (electronic book) | ||
| 020 | |z 9789004745759 |q (print) | ||
| 024 | 7 | |a 10.1163/9789004745766 |2 DOI | |
| 040 | |a NL-LeKB |c NL-LeKB |e rda | ||
| 041 | |a ind |a dut | ||
| 050 | 4 | |a D410 | |
| 072 | 7 | |a HBJF |2 bicssc | |
| 072 | 7 | |a HIS |x 003000 |2 bisacsh | |
| 072 | 7 | |a HIS |x 026000 |2 bisacsh | |
| 082 | 0 | 4 | |a 910.82 |2 23 |
| 100 | 1 | |a Manse, Maarten, |e author. | |
| 245 | 1 | 0 | |a Empire of Improvisation : |b Taxation and Governance in Colonial Indonesia / |c Maarten Manse. |
| 246 | 3 | |a Taxation and Governance in Colonial Indonesia | |
| 264 | 1 | |a Leiden ; |a Boston : |b Brill, |c 2026. | |
| 264 | 4 | |c ©2026 | |
| 300 | |a 1 online resource (412 pages) : |b illustrations. | ||
| 336 | |a text |b txt |2 rdacontent | ||
| 337 | |a computer |b c |2 rdamedia | ||
| 338 | |a online resource |2 rdacarrier | ||
| 490 | 1 | |a Asian Studies E-Books Online, Collection 2026 | |
| 490 | 1 | |a Verhandelingen van het Koninklijk Instituut voor Taal-, Land- en Volkenkunde ; |v 318 | |
| 504 | |a Includes bibliographical references and index. | ||
| 520 | |a Throughout colonial Indonesia, a common method to determine a boy's taxable age was to loop a rope around the chest. If the boy's head fitted through, his chest was still too small and he was too young; if not, he owed the government tax. Analysing unique archival sources from across Indonesia, this book shows how such pragmatic, locally embedded methods often overshadowed formal tax procedures, which colonial officials advanced as civilizing instruments of modernisation and state-power. It exposes taxation as a process in which improvisation, indigenous customs and everyday negotiations tied together formal regulations and ordinary local realities. A must-read for historians of empire in and beyond Southeast Asia, the book reshapes our understanding of colonial governance, challenging grand theories of colonial state formation by revealing the practicalities of everyday colonial rule and the agency of local actors manipulating the system from within. | ||
| 546 | |a Indonesian and Dutch | ||
| 588 | |a Description based on print version record. | ||
| 650 | 0 | |a History. | |
| 650 | 0 | |a Legal History. | |
| 650 | 0 | |a Modern History. | |
| 776 | 0 | 8 | |i Print version: |t Empire of Improvisation : Taxation and Governance in Colonial Indonesia. |d Leiden ; Boston : Brill, 2026. |z 9789004745759 |w (OCoLC)1527590982 |
| 830 | 0 | |a Asian Studies E-Books Online, Collection 2026. | |
| 830 | 0 | |a Verhandelingen van het Koninklijk Instituut voor Taal-, Land- en Volkenkunde ; |v 318. | |
| 856 | 4 | |z DOI: |u http://dx.doi.org/10.1163/9789004745766 | |
| 999 | |c 61952 |d 61952 | ||
